|
|
|
|
| LEADER |
00000nab#a22000007a#4500 |
| 001 |
arbauad030001 |
| 003 |
AR-BaUAD |
| 005 |
20250711112444.0 |
| 008 |
980213|||||||||###||||||b###|0###a|spa|| |
| 040 |
|
|
|a AR-BaUAD
|c AR-BaUAD
|b spa
|
| 100 |
|
|
|a Falsitta, Daniela
|
| 245 |
|
|
|a Gruppo Vetrario Paci :
|b le tre facce del vetro /
|c Daniela Falsitta;
|
| 300 |
0 |
|
|b fot.
|
| 653 |
|
|
|a ITALIA
|
| 653 |
|
|
|a GRUPPO VETRARIO PACI
|
| 653 |
|
|
|a VIDRIO
|
| 653 |
|
|
|a MUEBLES
|
| 653 |
|
|
|a ABERTURAS
|
| 653 |
|
|
|a DISEÑO INDUSTRIAL
|
| 773 |
0 |
|
|t INTERNI
|g no. 446 [dic. 1994], p. 122-123
|
| 942 |
|
|
|c ARTI
|
| 952 |
|
|
|0 0
|1 0
|4 0
|7 0
|9 74920
|a AR-BAuAD
|b AR-BAuAD
|d 2025-07-11
|l 0
|p AAQA030001
|r 2025-07-11 11:24:44
|w 2025-07-11
|y ARTI
|
| 990 |
|
|
|a DI199
|b TD
|
| 998 |
|
|
|a AAQ
|b BIBUN76
|
| 999 |
|
|
|c 54593
|d 54593
|